Comentarios al Cd̤igo Penal

Detalles Bibliográficos
Autor principal: Martn̕ez Atienza, Gorgonio
Formato: eBook
Lenguaje:español
Publicado: Barcelona: Editorial vLex, 2014
Materias:
Acceso en línea:Acceso restringido

MARC

LEADER 00000nam a22000007a 4500
005 20140414221147.0
007 cr|||| ||||
008 140414s2014 es |||||s|||| 00||0 spa d
035 |a 11862 
040 |a vLex 
090 |c 4775  |d 4775 
100 1 |a Martn̕ez Atienza, Gorgonio 
245 1 0 |a Comentarios al Cd̤igo Penal  |h [Recurso electrn̤ico] /  |c Gorgonio Martn̕ez Atienza 
256 |a Servicio en ln̕ea 
260 |a Barcelona:  |b Editorial vLex,  |c 2014 
300 |a 1 recurso electrn̤ico 
506 1 |a Disponible solo en los productos indicados  |d vLex Global  |d vLex Global (Academic Edition, excluding Law Schools)  |d vLex Global (U.S. Academic Edition, Law Schools)  |d vLex Global (U.S. Academic Edition, excluding Law Schools)  |d vLex Global (Academic Edition, Law Schools) 
650 0 4 |a Derecho Penal  |z Espaą 
740 0 |a vLex Libros (Servicio en ln̕ea) 
856 4 0 |u http://vlex.com/source/codigo-penal-11862  |z Acceso restringido 
942 |c BOOK 
999 0 |a Criminal Law